[Event "23. Torneo San Viator"]
[Site "Madrid ESP"]
[Date "2014.10.19"]
[Round "4.7"]
[White "Nunez Miranda, Adrian"]
[Black "Rodriguez Alonso, Marcos"]
[Result "1-0"]
[WhiteElo "2120"]
[BlackElo "1746"]
[PlyCount "89"]
[EventDate "2014.09.28"]
[EventType "swiss"]
[EventRounds "9"]
[EventCountry "ESP"]
[SourceTitle "Ajedrez en Madrid"]
[Source "lmi"]
[SourceDate "2014.09.28"]
[SourceVersion "1"]
[SourceVersionDate "2014.12.18"]
[SourceQuality "1"]

1. e4 e5 2. Nf3 Nc6 3. Bc4 Bc5 4. b4 Bxb4 5. c3 Ba5 6. d4 exd4 7. O-O Nge7 8.
cxd4 d5 9. exd5 Nxd5 10. Qb3 Nce7 11. Ba3 Be6 12. Qb5+ c6 13. Qxb7 Qc8 14.
Qxc8+ Rxc8 15. Nbd2 Bxd2 16. Nxd2 Rc7 17. Ne4 O-O 18. Nc5 Bc8 19. Rfe1 Rd8 20.
Rab1 Nf5 21. Bxd5 cxd5 22. Bb4 Rc6 23. Ba5 Rf8 24. Bc3 Nd6 25. f3 Nc4 26. Re7
a6 27. Kf2 Nd6 28. Rb3 Nc4 29. Rb8 Bf5 30. Rbb7 Be6 31. Bb4 a5 32. Nxe6 Rxe6
33. Rxe6 fxe6 34. Bxf8 Kxf8 35. f4 Nd6 36. Ra7 Nc4 37. g4 h6 38. h4 g6 39. Kg3
Kg8 40. Re7 Kf8 41. Rxe6 Kf7 42. Ra6 Kg7 43. f5 gxf5 44. gxf5 h5 45. Kf4 1-0

[Event "23. Torneo San Viator"]
[Site "Madrid ESP"]
[Date "2014.10.19"]
[Round "4.8"]
[White "Sahuquillo Cruz, Alejandro"]
[Black "Garcia Ruido, Ricardo"]
[Result "1-0"]
[WhiteElo "1766"]
[BlackElo "2063"]
[PlyCount "105"]
[EventDate "2014.09.28"]
[EventType "swiss"]
[EventRounds "9"]
[EventCountry "ESP"]
[SourceTitle "Ajedrez en Madrid"]
[Source "lmi"]
[SourceDate "2014.09.28"]
[SourceVersion "1"]
[SourceVersionDate "2014.12.18"]
[SourceQuality "1"]

1. e4 c5 2. Nf3 Nc6 3. d4 cxd4 4. Nxd4 e5 5. Nb5 d6 6. N1c3 a6 7. Na3 b5 8. Nd5
Nge7 9. c4 Nd4 10. Nxe7 Bxe7 11. cxb5 O-O 12. Be3 Bb7 13. Bxd4 exd4 14. Bd3 d5
15. O-O dxe4 16. bxa6 Bd5 17. Bb5 d3 18. Nc4 Bc5 19. Qd2 f5 20. Rac1 f4 21. Ne5
Bxf2+ 22. Rxf2 e3 23. Qxd3 exf2+ 24. Kxf2 Qb6+ 25. Kf1 Qe6 26. Re1 Kh8 27. Re2
f3 28. Nxf3 Bxf3 29. Rxe6 Bd5+ 30. Kg1 Bxe6 31. Bc6 Rad8 32. Qxd8 Rxd8 33. a7
Bxa2 34. a8=Q Rxa8 35. Bxa8 Bb3 36. Kf2 Kg8 37. Ke3 Kf7 38. Kd4 Ke7 39. Bd5 Bd1
40. Ke5 h6 41. b4 Ba4 42. Be6 Bb5 43. Bf5 Bf1 44. g3 Bb5 45. Kd5 Kf6 46. Bc8 h5
47. Kc5 Be2 48. b5 h4 49. b6 Bf3 50. Kd4 hxg3 51. hxg3 Ke7 52. b7 Bxb7 53. Bxb7
1-0

[Event "23. Torneo San Viator"]
[Site "Madrid ESP"]
[Date "2014.10.19"]
[Round "4.9"]
[White "Garcia-Ruiz Fuentes, Angel M"]
[Black "Alonso Penalver, Angel"]
[Result "1-0"]
[WhiteElo "2062"]
[BlackElo "1716"]
[PlyCount "117"]
[EventDate "2014.09.28"]
[EventType "swiss"]
[EventRounds "9"]
[EventCountry "ESP"]
[SourceTitle "Ajedrez en Madrid"]
[Source "lmi"]
[SourceDate "2014.09.28"]
[SourceVersion "1"]
[SourceVersionDate "2014.12.18"]
[SourceQuality "1"]

1. e4 c5 2. Nf3 e6 3. Nc3 a6 4. d4 cxd4 5. Nxd4 Qc7 6. g3 Nf6 7. Bg2 Nc6 8. O-O
Be7 9. Re1 d6 10. Be3 O-O 11. a4 Na5 12. Qd3 Bd7 13. Rad1 Rac8 14. h3 Nc4 15.
Bc1 Ne5 16. Qe2 Nc4 17. Kh2 e5 18. Nf5 Bxf5 19. exf5 h6 20. Qf3 Na5 21. Nd5
Nxd5 22. Rxd5 Nc6 23. Bxh6 Bf6 24. Qg4 Kh7 25. Be3 Ne7 26. Rd2 Rfd8 27. Red1 d5
28. c3 e4 29. Bd4 Qc6 30. Bxf6 Qxf6 31. Bxe4 Rc4 32. Qh5+ Kg8 33. Bg2 Rxa4 34.
Bxd5 Nxd5 35. Rxd5 Rxd5 36. Rxd5 Qb6 37. Qe2 Kf8 38. Qe3 Qc7 39. Qc5+ Qxc5 40.
Rxc5 b5 41. b4 Ke7 42. g4 Kf6 43. Kg3 Ra3 44. Kf4 Ra2 45. f3 g6 46. fxg6 Kxg6
47. h4 a5 48. bxa5 Rxa5 49. h5+ Kg7 50. Kf5 Ra3 51. f4 Rb3 52. g5 b4 53. cxb4
Rxb4 54. g6 Rb7 55. Kg5 fxg6 56. hxg6 Rd7 57. f5 Rd1 58. f6+ Kf8 59. Rc8+ 1-0

[Event "23. Torneo San Viator"]
[Site "Madrid ESP"]
[Date "2014.10.19"]
[Round "4.10"]
[White "Sirera Ripoll, Jose"]
[Black "Cabanas Bravo, Juan Andres"]
[Result "0-1"]
[WhiteElo "1761"]
[BlackElo "2058"]
[PlyCount "76"]
[EventDate "2014.09.28"]
[EventType "swiss"]
[EventRounds "9"]
[EventCountry "ESP"]
[SourceTitle "Ajedrez en Madrid"]
[Source "lmi"]
[SourceDate "2014.09.28"]
[SourceVersion "1"]
[SourceVersionDate "2014.12.18"]
[SourceQuality "1"]

1. e4 e5 2. Nf3 Nc6 3. Bc4 Bc5 4. b4 Bxb4 5. c3 Be7 6. d4 Na5 7. Be2 Nf6 8.
dxe5 Nxe4 9. Qd5 Nc5 10. O-O d6 11. Nd4 c6 12. Qf3 dxe5 13. Nf5 O-O 14. Rd1 Qc7
15. Ba3 Bxf5 16. Qxf5 Rad8 17. Nd2 Na4 18. Bxe7 Qxe7 19. Ne4 g6 20. Qf3 f5 21.
Rxd8 Rxd8 22. Ng3 Qc5 23. h4 e4 24. Nxe4 fxe4 25. Qxe4 Nxc3 26. Qe6+ Kg7 27.
Bf3 Rf8 28. Re1 Nc4 29. h5 gxh5 30. Rc1 Rxf3 31. gxf3 Qg5+ 32. Kh2 Qxc1 33.
Qe7+ Kg6 34. Qe6+ Kg5 35. Qe7+ Kf5 36. Qf7+ Ke5 37. Qxh5+ Kd4 38. Qg4+ Kc5 0-1

[Event "23. Torneo San Viator"]
[Site "Madrid ESP"]
[Date "2014.10.19"]
[Round "4.11"]
[White "Rodriguez Lucena, Angel"]
[Black "Perdomo Araujo, Angel Eduardo"]
[Result "0-1"]
[WhiteElo "1741"]
[BlackElo "2055"]
[PlyCount "46"]
[EventDate "2014.09.28"]
[EventType "swiss"]
[EventRounds "9"]
[EventCountry "ESP"]
[SourceTitle "Ajedrez en Madrid"]
[Source "lmi"]
[SourceDate "2014.09.28"]
[SourceVersion "1"]
[SourceVersionDate "2014.12.18"]
[SourceQuality "1"]

1. d4 d5 2. c4 e6 3. Nf3 Nf6 4. Nc3 Be7 5. e3 O-O 6. Bd3 dxc4 7. Bxc4 b6 8. O-O
Bb7 9. Qe2 Ne4 10. Rd1 Nd7 11. Nxe4 Bxe4 12. b3 Nf6 13. Bb2 Qc8 14. Rac1 Qb7
15. Ne1 a5 16. f3 Bg6 17. Bb5 c5 18. dxc5 Bxc5 19. Bxf6 gxf6 20. Rd7 Qb8 21.
Nd3 Bxd3 22. Qxd3 Qe5 23. Rc3 Rac8 0-1

[Event "23. Torneo San Viator"]
[Site "Madrid ESP"]
[Date "2014.10.19"]
[Round "4.12"]
[White "Del Noval Nemeshazi, Nesztor"]
[Black "Vazquez Gonzalez, Jesus"]
[Result "0-1"]
[WhiteElo "1686"]
[BlackElo "2034"]
[PlyCount "96"]
[EventDate "2014.09.28"]
[EventType "swiss"]
[EventRounds "9"]
[EventCountry "ESP"]
[SourceTitle "Ajedrez en Madrid"]
[Source "lmi"]
[SourceDate "2014.09.28"]
[SourceVersion "1"]
[SourceVersionDate "2014.12.18"]
[SourceQuality "1"]

1. e4 Nc6 2. d4 d5 3. Bb5 a6 4. Bxc6+ bxc6 5. Nc3 e6 6. Nge2 Bb7 7. Be3 Nf6 8.
e5 Nd7 9. Na4 f6 10. Nf4 Qe7 11. exf6 Qxf6 12. Qg4 Kf7 13. h4 Qf5 14. Qxf5+
exf5 15. O-O-O Bd6 16. Nc5 Nxc5 17. dxc5 Be5 18. Nh5 Rhe8 19. Bd4 g6 20. Ng3 h5
21. Bxe5 Rxe5 22. Rhe1 Rae8 23. Kd2 d4 24. Rxe5 Rxe5 25. b4 a5 26. a3 Ba6 27.
Re1 Rxe1 28. Kxe1 axb4 29. axb4 Ke6 30. Ne2 Ke5 31. Kd2 f4 32. f3 Bc4 33. Nc1
Bf1 34. Nd3+ Kf5 35. Ne1 g5 36. Nd3 gxh4 37. Ke1 Bxg2 38. Kf2 h3 39. Nc1 Bh1
40. Kg1 Bxf3 41. Nb3 Ke4 42. Nd2+ Ke3 43. Nc4+ Ke2 44. Ne5 Be4 45. Kh2 f3 46.
Nxf3 Bxf3 47. c4 dxc3 48. b5 c2 0-1

[Event "23. Torneo San Viator"]
[Site "Madrid ESP"]
[Date "2014.10.19"]
[Round "4.13"]
[White "Luque Ibanez, Manuel"]
[Black "Yeves Miquel, Enrique"]
[Result "0-1"]
[WhiteElo "1994"]
[BlackElo "1705"]
[PlyCount "58"]
[EventDate "2014.09.28"]
[EventType "swiss"]
[EventRounds "9"]
[EventCountry "ESP"]
[SourceTitle "Ajedrez en Madrid"]
[Source "lmi"]
[SourceDate "2014.09.28"]
[SourceVersion "1"]
[SourceVersionDate "2014.12.18"]
[SourceQuality "1"]

1. e4 c5 2. Nf3 e6 3. d4 cxd4 4. Nxd4 Nc6 5. Nc3 Qc7 6. Be3 a6 7. Be2 Nf6 8.
Nxc6 bxc6 9. Qd2 d5 10. Bf3 Rb8 11. O-O Bd6 12. Rfe1 O-O 13. a3 Bxh2+ 14. Kh1
Bd6 15. g4 Nd7 16. Kg2 Ne5 17. Be2 Ng6 18. Rh1 Bf4 19. Bd3 d4 20. Bxf4 Nxf4+
21. Kf3 Nxd3 22. Qxd3 dxc3 23. Qxc3 f6 24. Rh5 g6 25. Rh6 Bb7 26. Rah1 Rf7 27.
Kg2 c5 28. f3 Rd8 29. g5 Qf4 0-1

[Event "23. Torneo San Viator"]
[Site "Madrid ESP"]
[Date "2014.10.19"]
[Round "4.14"]
[White "San Felipe Asis, Raquel"]
[Black "Gil Sierra, Jacinto"]
[Result "0-1"]
[WhiteElo "1660"]
[BlackElo "1986"]
[PlyCount "70"]
[EventDate "2014.09.28"]
[EventType "swiss"]
[EventRounds "9"]
[EventCountry "ESP"]
[SourceTitle "Ajedrez en Madrid"]
[Source "lmi"]
[SourceDate "2014.09.28"]
[SourceVersion "1"]
[SourceVersionDate "2014.12.18"]
[SourceQuality "1"]

1. e4 c5 2. Nf3 Nc6 3. d4 cxd4 4. Nxd4 Nf6 5. Nc3 d6 6. Bb5 Bd7 7. O-O g6 8.
Be3 Bg7 9. Qd2 Ng4 10. Nxc6 bxc6 11. Bc4 Nxe3 12. Qxe3 Qb6 13. Qf3 O-O 14. Bb3
Be5 15. Rad1 Kg7 16. Kh1 f5 17. Qd3 fxe4 18. Qxe4 Rxf2 19. Qh4 Rxf1+ 20. Rxf1
Bf6 21. Qc4 d5 22. Qf4 Qb8 23. Qf3 Qe5 24. Na4 Bf5 25. Qf2 Qd4 26. Qe1 Qe4 27.
Qd2 Rf8 28. c3 Qd3 29. Qf2 Bh4 30. Qf4 Bg5 31. Qe5+ Kh6 32. Re1 Be4 33. Qd4
Rf1+ 34. Rxf1 Qxf1+ 35. Qg1 Bxg2# 0-1

[Event "23. Torneo San Viator"]
[Site "Madrid ESP"]
[Date "2014.10.19"]
[Round "4.15"]
[White "Brasa Olmos, Joaquin"]
[Black "Luna Hermoso, Angel"]
[Result "0-1"]
[WhiteElo "1527"]
[BlackElo "1955"]
[PlyCount "70"]
[EventDate "2014.09.28"]
[EventType "swiss"]
[EventRounds "9"]
[EventCountry "ESP"]
[SourceTitle "Ajedrez en Madrid"]
[Source "lmi"]
[SourceDate "2014.09.28"]
[SourceVersion "1"]
[SourceVersionDate "2014.12.18"]
[SourceQuality "1"]

1. e4 e5 2. Nf3 Nc6 3. Nc3 Nf6 4. Bc4 Be7 5. d3 O-O 6. Be3 d6 7. h3 Na5 8. Nd2
b5 9. Bxb5 c6 10. Ba4 d5 11. exd5 cxd5 12. d4 Ba6 13. Bb5 Bxb5 14. Nxb5 Qb8 15.
dxe5 Qxb5 16. exf6 Bxf6 17. a4 Qa6 18. c3 Rae8 19. Nf3 Qc4 20. Qe2 Bxc3+ 21.
Nd2 Bxd2+ 22. Kxd2 Nb3+ 23. Kd1 Nxa1 24. Qxc4 dxc4 25. Bc5 Rd8+ 26. Ke2 Rfe8+
27. Kf3 Rd3+ 28. Be3 Nc2 29. Rc1 Nd4+ 30. Kg4 Re4+ 31. Kh5 g6+ 32. Kg5 Rdxe3
33. fxe3 Kg7 34. g4 Nf5 35. gxf5 h6# 0-1

[Event "23. Torneo San Viator"]
[Site "Madrid ESP"]
[Date "2014.10.19"]
[Round "4.16"]
[White "Lopez Ziegler, Carlos"]
[Black "San Felipe Gonzalez, Tomas"]
[Result "0-1"]
[WhiteElo "1954"]
[BlackElo "1700"]
[PlyCount "58"]
[EventDate "2014.09.28"]
[EventType "swiss"]
[EventRounds "9"]
[EventCountry "ESP"]
[SourceTitle "Ajedrez en Madrid"]
[Source "lmi"]
[SourceDate "2014.09.28"]
[SourceVersion "1"]
[SourceVersionDate "2014.12.18"]
[SourceQuality "1"]

1. e4 c5 2. d4 cxd4 3. c3 dxc3 4. Nxc3 e6 5. Nf3 Nc6 6. Bc4 Be7 7. O-O a6 8.
Qe2 d6 9. Rd1 Qc7 10. Be3 b5 11. Bd3 Nf6 12. Rac1 Bb7 13. Nxb5 axb5 14. Bxb5
O-O 15. Bxc6 Bxc6 16. Qc4 Qb7 17. Qxc6 Qxc6 18. Rxc6 Rxa2 19. e5 dxe5 20. Nxe5
Rxb2 21. g3 Nd5 22. Bd4 Rb7 23. Rcc1 Bf6 24. f4 h6 25. Nf3 Bxd4+ 26. Nxd4 Rd7
27. Nc6 Rc7 28. f5 Rfc8 29. fxe6 fxe6 0-1

[Event "23. Torneo San Viator"]
[Site "Madrid ESP"]
[Date "2014.10.19"]
[Round "4.17"]
[White "Blanco Diez, David"]
[Black "Garcia Galeote, Lorenzo"]
[Result "0-1"]
[WhiteElo "1506"]
[BlackElo "1950"]
[PlyCount "78"]
[EventDate "2014.09.28"]
[EventType "swiss"]
[EventRounds "9"]
[EventCountry "ESP"]
[SourceTitle "Ajedrez en Madrid"]
[Source "lmi"]
[SourceDate "2014.09.28"]
[SourceVersion "1"]
[SourceVersionDate "2014.12.18"]
[SourceQuality "1"]

1. d4 g6 2. c4 Bg7 3. Nc3 d6 4. e4 e5 5. d5 f5 6. f3 Nf6 7. Bd3 O-O 8. Nge2 a5
9. exf5 gxf5 10. f4 c6 11. O-O Ng4 12. Qe1 Qb6+ 13. Kh1 Na6 14. Na4 Qa7 15. Bd2
Nb4 16. Bxb4 axb4 17. Qxb4 Qxa4 18. Qxd6 e4 19. b3 Qa3 20. Qxa3 Rxa3 21. Bc2
Ne3 22. Rac1 Rxa2 23. Rfd1 Nxc2 24. d6 Bd7 25. c5 Rfa8 26. Rg1 Nb4 27. Nc3 Bxc3
28. Rxc3 Nd3 29. h3 Nxf4 30. Rg3+ Kf7 31. Re1 Ra1 32. Rge3 Rxe1+ 33. Rxe1 Ra2
34. g4 Nxh3 35. gxf5 Ng5 36. Rf1 Nf3 37. Rxf3 exf3 38. Kg1 Bxf5 39. d7 Bh3 0-1

[Event "23. Torneo San Viator"]
[Site "Madrid ESP"]
[Date "2014.10.19"]
[Round "4.18"]
[White "Sotoca Aguado, Jose"]
[Black "Gil Calvente, Jose Antonio"]
[Result "1-0"]
[WhiteElo "1948"]
[BlackElo "1689"]
[PlyCount "83"]
[EventDate "2014.09.28"]
[EventType "swiss"]
[EventRounds "9"]
[EventCountry "ESP"]
[SourceTitle "Ajedrez en Madrid"]
[Source "lmi"]
[SourceDate "2014.09.28"]
[SourceVersion "1"]
[SourceVersionDate "2014.12.18"]
[SourceQuality "1"]

1. d4 Nf6 2. c4 c5 3. d5 b5 4. cxb5 a6 5. Nc3 Bb7 6. e4 d6 7. Nf3 Nbd7 8. bxa6
Bxa6 9. Bxa6 Rxa6 10. O-O g6 11. Qe2 Qb6 12. e5 dxe5 13. Nxe5 Nxe5 14. Qxe5 Qd6
15. Bf4 Bg7 16. g3 Nh5 17. Qxd6 exd6 18. Rfe1+ Kd7 19. Bg5 Nf6 20. Re2 Re8 21.
Rae1 Rxe2 22. Rxe2 h6 23. Bc1 Ng4 24. f4 Bd4+ 25. Kg2 Nf6 26. f5 g5 27. a3 Bxc3
28. bxc3 Nxd5 29. c4 Nb6 30. f6 Nxc4 31. Re7+ Kd8 32. Rxf7 d5 33. Rf8+ Kd7 34.
h4 gxh4 35. gxh4 h5 36. Bg5 d4 37. Rd8+ Ke6 38. Re8+ Kf7 39. Re7+ Kg6 40. Rg7+
Kf5 41. f7 Ne3+ 42. Kf3 1-0

[Event "23. Torneo San Viator"]
[Site "Madrid ESP"]
[Date "2014.10.19"]
[Round "4.19"]
[White "Jarne Anguita, Miguel"]
[Black "Ruiz Sanchez, Roberto"]
[Result "0-1"]
[WhiteElo "1387"]
[BlackElo "1910"]
[PlyCount "86"]
[EventDate "2014.09.28"]
[EventType "swiss"]
[EventRounds "9"]
[EventCountry "ESP"]
[SourceTitle "Ajedrez en Madrid"]
[Source "lmi"]
[SourceDate "2014.09.28"]
[SourceVersion "1"]
[SourceVersionDate "2014.12.18"]
[SourceQuality "1"]

1. d4 d5 2. Nf3 Nf6 3. e3 Bf5 4. Bd3 Bxd3 5. Qxd3 Nbd7 6. O-O e6 7. b3 Bd6 8.
Bb2 O-O 9. Nbd2 c6 10. Ne5 Qc7 11. f4 c5 12. c3 b5 13. Qxb5 c4 14. Qa4 Rfb8 15.
b4 a5 16. b5 Qb7 17. Rab1 Qxb5 18. Qxb5 Rxb5 19. Ba1 Rbb8 20. Rb5 Rxb5 21. Nxd7
Nxd7 22. f5 a4 23. e4 Nb6 24. g4 Ba3 25. exd5 exd5 26. Rb1 Rxb1+ 27. Nxb1 Bc1
28. Kf1 Nc8 29. Ke2 Nd6 30. Kd1 Bf4 31. h3 h5 32. Nd2 Bxd2 33. Kxd2 a3 34. Ke3
f6 35. Kf4 hxg4 36. hxg4 Kf7 37. Kf3 Ne4 38. Ke3 g6 39. fxg6+ Kxg6 40. Kf4 Nf2
41. Kf3 Nd3 42. Ke3 Kg5 43. Kf3 Ne1+ 0-1

[Event "23. Torneo San Viator"]
[Site "Madrid ESP"]
[Date "2014.10.19"]
[Round "4.20"]
[White "Lopez Ramirez, Rafael"]
[Black "Perez Ordonez, Jose Ramon"]
[Result "0-1"]
[WhiteElo "1780"]
[BlackElo "1513"]
[PlyCount "68"]
[EventDate "2014.09.28"]
[EventType "swiss"]
[EventRounds "9"]
[EventCountry "ESP"]
[SourceTitle "Ajedrez en Madrid"]
[Source "lmi"]
[SourceDate "2014.09.28"]
[SourceVersion "1"]
[SourceVersionDate "2014.12.18"]
[SourceQuality "1"]

1. d4 Nf6 2. c4 e6 3. Nf3 b6 4. Nc3 Bb4 5. e3 Bb7 6. Bd3 Ne4 7. Qc2 f5 8. O-O
Bxc3 9. bxc3 O-O 10. Nd2 Nxd2 11. Qxd2 c5 12. Ba3 d6 13. Rab1 Nd7 14. f3 Qg5
15. Qe2 e5 16. d5 Rae8 17. e4 f4 18. Bc2 Rf6 19. Ba4 Bc8 20. Bc1 Qh4 21. Qf2
Qh5 22. Kh1 Rh6 23. g3 g5 24. g4 Kf7 25. Kg2 Qg6 26. Rh1 Rh4 27. Bd2 h5 28. h3
Rh8 29. Qe2 hxg4 30. fxg4 Nf6 31. Be1 Bxg4 32. Qd3 Rxh3 33. Rxh3 Qxe4+ 34. Kh2
Bxh3 0-1

[Event "23. Torneo San Viator"]
[Site "Madrid ESP"]
[Date "2014.10.19"]
[Round "4.21"]
[White "Quispe Arteaga, Gabriel"]
[Black "Mejias Gonzalez, Pedro"]
[Result "1/2-1/2"]
[WhiteElo "1777"]
[BlackElo "1632"]
[PlyCount "73"]
[EventDate "2014.09.28"]
[EventType "swiss"]
[EventRounds "9"]
[EventCountry "ESP"]
[SourceTitle "Ajedrez en Madrid"]
[Source "lmi"]
[SourceDate "2014.09.28"]
[SourceVersion "1"]
[SourceVersionDate "2014.12.18"]
[SourceQuality "1"]

1. d4 Nf6 2. e3 e6 3. c4 c5 4. Nc3 cxd4 5. exd4 d5 6. Nf3 dxc4 7. Bxc4 Be7 8.
O-O O-O 9. d5 exd5 10. Nxd5 Nxd5 11. Bxd5 Nc6 12. Be3 Nb4 13. Be4 Qxd1 14.
Rfxd1 f5 15. Bd5+ Nxd5 16. Rxd5 Bf6 17. Bd4 Be6 18. Rb5 b6 19. Bxf6 Rxf6 20.
Nd4 g6 21. Re5 Bf7 22. a3 Rd8 23. Nf3 Rfd6 24. h3 Rd1+ 25. Rxd1 Rxd1+ 26. Re1
Rxe1+ 27. Nxe1 Bd5 28. f4 Kf7 29. Kf2 Ke6 30. Ke3 Kd6 31. Kd4 Be4 32. Nf3 Bxf3
33. gxf3 b5 34. b3 a6 35. b4 h6 36. h4 h5 37. Ke3 1/2-1/2

[Event "23. Torneo San Viator"]
[Site "Madrid ESP"]
[Date "2014.10.19"]
[Round "4.22"]
[White "Gutierrez Soto, Sergio"]
[Black "Tevar Sanz, Gonzalo"]
[Result "1-0"]
[WhiteElo "1409"]
[BlackElo "1773"]
[PlyCount "81"]
[EventDate "2014.09.28"]
[EventType "swiss"]
[EventRounds "9"]
[EventCountry "ESP"]
[SourceTitle "Ajedrez en Madrid"]
[Source "lmi"]
[SourceDate "2014.09.28"]
[SourceVersion "1"]
[SourceVersionDate "2014.12.18"]
[SourceQuality "1"]

1. c4 Nf6 2. g3 g6 3. Nc3 Bg7 4. Bg2 O-O 5. Nf3 d6 6. d3 c5 7. O-O Nc6 8. a3
Ne8 9. Bd2 Nc7 10. Rb1 a5 11. Qc1 Re8 12. Nh4 Nd4 13. b4 axb4 14. axb4 Ra7 15.
bxc5 dxc5 16. Re1 Nce6 17. Nd5 Nc6 18. Bc3 Ned4 19. e3 Nf5 20. Nxf5 Bxf5 21.
Bxg7 Kxg7 22. Ra1 Qa8 23. Nc7 Rxa1 24. Nxe8+ Qxe8 25. Qxa1+ f6 26. d4 Nb4 27.
Qa7 Nd3 28. Rb1 Nb4 29. e4 Qc8 30. Qxc5 Na6 31. Qb6 Nb8 32. Qb2 Nc6 33. e5 Qd8
34. exf6+ exf6 35. d5 Ne5 36. Qe2 Bg4 37. Rxb7+ Kh6 38. Qe4 Qc8 39. Qf4+ g5 40.
Qxf6+ Ng6 41. Qg7+ 1-0

[Event "23. Torneo San Viator"]
[Site "Madrid ESP"]
[Date "2014.10.19"]
[Round "4.24"]
[White "Rendo Quindos, Pedro"]
[Black "Blanco Ruiz, Cesar"]
[Result "1-0"]
[WhiteElo "1657"]
[BlackElo "1657"]
[PlyCount "49"]
[EventDate "2014.09.28"]
[EventType "swiss"]
[EventRounds "9"]
[EventCountry "ESP"]
[SourceTitle "Ajedrez en Madrid"]
[Source "lmi"]
[SourceDate "2014.09.28"]
[SourceVersion "1"]
[SourceVersionDate "2014.12.18"]
[SourceQuality "1"]

1. e4 e6 2. Nf3 d5 3. exd5 exd5 4. Be2 Bd6 5. d4 Ne7 6. O-O c6 7. Be3 Bg4 8. h3
Bh5 9. Ne5 Bxe2 10. Qxe2 Nd7 11. Bf4 Bxe5 12. Bxe5 O-O 13. Qg4 Nxe5 14. dxe5
Ng6 15. e6 f6 16. Nd2 Re8 17. Nf3 Re7 18. Rfe1 Qd6 19. Nd4 Rae8 20. Nf5 Ne5 21.
Nxd6 Rxe6 22. Nxe8 Rxe8 23. Rxe5 Rxe5 24. Qc8+ Kf7 25. Qd7+ 1-0

[Event "23. Torneo San Viator"]
[Site "Madrid ESP"]
[Date "2014.10.19"]
[Round "4.25"]
[White "Mateos Cordero, Francisco"]
[Black "Martin Hernandez, Vicente"]
[Result "0-1"]
[WhiteElo "1611"]
[BlackElo "1950"]
[PlyCount "90"]
[EventDate "2014.09.28"]
[EventType "swiss"]
[EventRounds "9"]
[EventCountry "ESP"]
[SourceTitle "Ajedrez en Madrid"]
[Source "lmi"]
[SourceDate "2014.09.28"]
[SourceVersion "1"]
[SourceVersionDate "2014.12.18"]
[SourceQuality "1"]

1. d4 d5 2. c4 e6 3. Nc3 Nf6 4. Nf3 Nbd7 5. e3 c6 6. cxd5 exd5 7. Be2 Bd6 8.
Qc2 O-O 9. O-O Re8 10. Re1 Ne4 11. Nxe4 dxe4 12. Nd2 Nf6 13. Nf1 Be6 14. Bd2
Rc8 15. Bc3 Bb8 16. a4 Qd6 17. Ng3 h5 18. Nf1 h4 19. h3 g5 20. Qd1 Kh7 21. d5
Nxd5 22. Bc4 Kh6 23. Qd4 Rg8 24. Bxd5 cxd5 25. Bb4 Qd7 26. Qf6+ Rg6 27. Qe7
Qxe7 28. Bxe7 Be5 29. Rac1 Bxb2 30. Rxc8 Bxc8 31. Bc5 Ra6 32. Re2 Be5 33. Rc2
Bd7 34. Nh2 Bxh2+ 35. Kxh2 Rxa4 36. Bf8+ Kg6 37. Rc7 Bc6 38. g3 hxg3+ 39. Kxg3
d4 40. Rc8 d3 41. Rd8 Ra5 42. Rd6+ f6 43. Be7 Rf5 44. Rd8 Rd5 45. Rf8 d2 0-1

[Event "23. Torneo San Viator"]
[Site "Madrid ESP"]
[Date "2014.10.19"]
[Round "4.26"]
[White "Garcia Sanjuan, Jose"]
[Black "Callejas Torres, Alejandro"]
[Result "1-0"]
[WhiteElo "1895"]
[BlackElo "1638"]
[PlyCount "137"]
[EventDate "2014.09.28"]
[EventType "swiss"]
[EventRounds "9"]
[EventCountry "ESP"]
[SourceTitle "Ajedrez en Madrid"]
[Source "lmi"]
[SourceDate "2014.09.28"]
[SourceVersion "1"]
[SourceVersionDate "2014.12.18"]
[SourceQuality "1"]

1. b3 d5 2. Bb2 Bf5 3. Nf3 e6 4. Nc3 Nf6 5. e3 Bd6 6. Nb5 Be7 7. Nbd4 Bg4 8. h3
Bh5 9. g4 Bg6 10. Ne5 Bb4 11. Rg1 Bd6 12. Nb5 Bxe5 13. Bxe5 Nc6 14. Bxc7 Qd7
15. Bg3 e5 16. g5 Ng8 17. Nc3 Bf5 18. h4 d4 19. Nb5 a6 20. Na3 b5 21. d3 Nge7
22. e4 Bg4 23. Be2 Bxe2 24. Qxe2 Ng6 25. h5 Nf4 26. Bxf4 exf4 27. Nb1 Nb4 28.
a3 Nc6 29. Nd2 Qd6 30. Nf3 Ne5 31. Nxe5 Qxe5 32. Qd2 Rc8 33. a4 O-O 34. f3 Rc3
35. Ra2 b4 36. Rg4 Rfc8 37. Kd1 Qc7 38. Rxf4 Qe5 39. Rg4 R8c5 40. f4 Qe6 41. f5
Qd7 42. Rg2 g6 43. hxg6 hxg6 44. fxg6 fxg6 45. Qf4 Qe6 46. Rf2 Rc8 47. Rb2 R3c7
48. Qg3 Rf7 49. Rxf7 Qxf7 50. Ke2 Rc5 51. Qb8+ Kh7 52. Qxb4 Rxg5 53. Qxd4 Rg2+
54. Ke1 Qf3 55. c4 Rxb2 56. Qxb2 Qxd3 57. Qh2+ Kg7 58. Qb2+ Kg8 59. e5 Qg3+ 60.
Kd1 Qg1+ 61. Kc2 Qf2+ 62. Kb1 Qxb2+ 63. Kxb2 g5 64. Kc2 g4 65. Kd2 g3 66. Ke2
g2 67. Kf2 Kf7 68. c5 Ke6 69. c6 1-0

[Event "23. Torneo San Viator"]
[Site "Madrid ESP"]
[Date "2014.10.19"]
[Round "4.27"]
[White "Jimenez Gonzalez, Marcos"]
[Black "Moreno Sanchez, Guillermo"]
[Result "1-0"]
[WhiteElo "1887"]
[BlackElo "1629"]
[PlyCount "127"]
[EventDate "2014.09.28"]
[EventType "swiss"]
[EventRounds "9"]
[EventCountry "ESP"]
[SourceTitle "Ajedrez en Madrid"]
[Source "lmi"]
[SourceDate "2014.09.28"]
[SourceVersion "1"]
[SourceVersionDate "2014.12.18"]
[SourceQuality "1"]

1. Nf3 d5 2. g3 e6 3. Bg2 Nf6 4. O-O Be7 5. d3 O-O 6. Nbd2 c5 7. e4 d4 8. e5
Nfd7 9. a4 Qc7 10. Re1 Nc6 11. Nc4 b6 12. h4 Ba6 13. b3 Rad8 14. Bf4 Bxc4 15.
bxc4 Rfe8 16. Bh3 Nf8 17. h5 h6 18. Re4 Ra8 19. Qd2 Nh7 20. Kh1 Qd8 21. Rae1
Ng5 22. Bxg5 Bxg5 23. Nxg5 Qxg5 24. Qxg5 hxg5 25. Rg4 Nb4 26. Rxg5 Nxc2 27. Re2
Nb4 28. Bg2 Rad8 29. Be4 Kh8 30. f4 Na6 31. g4 Nc7 32. Bc6 Rf8 33. f5 exf5 34.
gxf5 Kh7 35. Reg2 Rg8 36. Be4 Kh8 37. Rh2 Kh7 38. f6+ Kh6 39. Rxg7 Rxg7 40.
fxg7 Kxg7 41. h6+ Kh8 42. Rf2 Rf8 43. Rf6 Kg8 44. Bf5 Ne8 45. Rc6 Kh8 46. Rc8
Rg8 47. Bd7 Nf6 48. exf6 Rxc8 49. Bxc8 Kh7 50. Kg2 Kxh6 51. Kf3 Kg6 52. Kf4
Kxf6 53. Bf5 Ke7 54. Ke5 Kd8 55. Kf6 Kc7 56. Kxf7 Kd6 57. Kf6 Kc7 58. Ke7 Kb7
59. Kd6 Ka6 60. Kc6 Ka5 61. Bd7 Kxa4 62. Kb7+ Kb4 63. Kxa7 Kc3 64. Kxb6 1-0